The Consultant's Craft : Improving Organizational Communication /

Guardat en:
Dades bibliogràfiques
Autor principal: DeWine, Sue (autor)
Format: Llibre
Idioma:anglès
Publicat: Nueva York, EUA : St. Martin's Press, 1994, c1994
Matèries:
Etiquetes: Afegir etiqueta
Sense etiquetes, Sigues el primer a etiquetar aquest registre!

MARC

LEADER 00000nam^a2200000^a^4500
001 000322881
005 20250521000000.0
009 20260310113623.496
020 |a 0-312-06151-X 
037 |a Acervo ITESO - Biblioteca 
041 |a ING 
082 |a 658. 45  |b DEW 
100 |a DeWine, Sue  |e (autor) 
245 1 4 |a The Consultant's Craft :  |b Improving Organizational Communication /  |c S. DeWine ; pról. de W. Charles Redding ; introd. de Richard H. Brown. 
264 4 |a Nueva York, EUA :  |b St. Martin's Press,  |c 1994, c1994 
300 |a XXXI, 396 p. 
336 |a texto  |b txt  |2 rdacontenido 
337 |a sin mediación  |b n  |2 rdamedio 
338 |a volumen  |b nc  |2 rdasoporte 
521 |a 2012 BO Licenciatura en Publicidad y Comunicación Estratégica 
649 |a XX 
650 |a Consultoría de Empresas -  |x Tema Principal 
650 |a Atención al Cliente 
650 |a Trabajo en Equipo 
650 |a Cambio Organizacional 
650 |a Formación y Capacitación Laboral 
650 |a Competencia Comunicativa 
650 |a Comunicación Personal 
650 |a Comunicación Organizacional -  |x Tema Principal 
650 |a Proceso Administrativo 
650 |a Ciencias Administrativas 
910 |a Fondo General 
920 |a Impresos - Libros 
930 |a Colección General 
905 |a 101 
901 |a 0500210498  |b IT1  |c ACC  |i C132960  |u 20250521 
902 |a https://opac.biblio.iteso.mx/vufind/Record/000322881